000 00483nam a2200169Ia 4500
005 20250326130454.0
008 250326s9999 xx 000 0 und d
037 _aTextbook
040 _aFMSL
_beng
_cFMSL
041 _aeng
_2eng
084 _aX;74.1y7 P9
_qFMSL
100 _aLarimo J
_9740660
245 0 _aResearch on knowledge innovation and internationalzation
_cLarimo J; Vissak T
260 _c2009
942 _cTB
_hX;74.1y7 P9
999 _c1282652
_d1282652